Geography Quiz

Random Geography or World Quiz
Score 0/12 Timer 06:00
0 Plays Today
% Correct
Lake Victoria on the
wrong African border
99.6%
Canadian Great Bear
and Slave Lakes in Brazil
99.1%
Philippines too
far East
97.3%
Tasmania and Iceland
have swapped
96.9%
Upside-down
New Zealand
96%
Lesotho enclaved
in wrong country
85.7%
Sri Lanka on the
wrong side of India
84.8%
Lake Baikal too far northwest
83.9%
Enlarged Madagascar
74%
Backwards Antarctica
71.7%
China has absorbed Mongolia
60.5%
Hawaii in
the Caribbean
56.1%
Remove Ads.
Support Sporcle.
Get the best of Sporcle when you Go Orange. This ad-free experience offers more features, more stats, and more fun while also helping to support Sporcle. Thank you for becoming a member.

You're not logged in!

Compare scores with friends on all Sporcle quizzes.
OR
Log In

Sporcle TV

Today on Sporcle TV


Watch our educational content, quiz creation guides, and fun videos on Sporcle TV.

Show Comments

Extras

Top Quizzes Today


Score Distribution

Paid Content

Your Account Isn't Verified!

In order to create a playlist on Sporcle, you need to verify the email address you used during registration. Go to your Sporcle Settings to finish the process.

Report this User

Report this user for behavior that violates our Community Guidelines.

Details: